000
00315nam a2200133Ia 4500
999
_c
4870
_d
4870
008
200103s 1986 ||||xx |||||||||||||| ||und||
020
_a
9280112155
082
_a
623.888
_b
IMO
100
_a
IMO
245
0
_a
Control of Ships and Discharges
260
_b
IMO
_c
1986
_a
London
300
_a
63p.
942
_c
BK